00582 2200181 4500245004200000020002200042250001100064700001800075700002600093650003700119005001900156260003300175041001400208084001000222500011000232490004900342336000900391 aMamalia Volume 2cErry SunarayahText a978-979-3535-67-8 aCet. 1 aErry Sunaraya aAswita Ratih Fitriani aEnsiklopedia Biologi Dunia Hewan a20231116141822 aJakartabLENTERA ABADIc2010 aIndonesia a590.3 aDaftar isi : Mamalia, mamalia bertelur, marsupialia, insektivora, ..., mamalia berkuku, mamalia teramcam. aEnsiklopedia Biologi Dunia Hewan : 2 Mamalia atext